Faculty of Law Library — Cairo University

Official Online Catalog

المرصفاوي في القانون الجنائي. (Record no. 63893)

MARC details
000 -LEADER
fixed length control field 01307nam a2200313 i 4500
003 - CONTROL NUMBER IDENTIFIER
control field EG-GICUC
005 - DATE AND TIME OF LATEST TRANSACTION
control field 20260220044846.0
008 - FIXED-LENGTH DATA ELEMENTS--GENERAL INFORMATION
fixed length control field 260220s1997 ua ||||fr|||| 001 0 ara d
040 ## - CATALOGING SOURCE
Original cataloging agency EG-GICUC
Language of cataloging ara
Transcribing agency EG-GICUC
Modifying agency EG-GICUC
Description conventions rda
041 0# - LANGUAGE CODE
Language code of text/sound track or separate title ara
082 04 - DEWEY DECIMAL CLASSIFICATION NUMBER
Classification number 343.3
Item number ح س . م
Edition number 21
092 04 - LOCALLY ASSIGNED DEWEY CALL NUMBER (OCLC)
Edition number 21
099 ## - LOCAL FREE-TEXT CALL NUMBER (OCLC)
Classification number Law1 10 343.3 ح س . م 1997
100 0# - MAIN ENTRY--PERSONAL NAME
Personal name حسن صادق المرصفاوي
Relator term مؤلف.
245 12 - TITLE STATEMENT
Title المرصفاوي في القانون الجنائي.
Number of part/section of a work الجزء الثاني،
Remainder of title قانون الإجراءات الجنائية تشريعاً وقضاء في مائة عام /
Statement of responsibility, etc. دكتور حسن صادق المرصفاوي.
264 #1 - PRODUCTION, PUBLICATION, DISTRIBUTION, MANUFACTURE, AND COPYRIGHT NOTICE
Place of production, publication, distribution, manufacture الاسكندرية :
Name of producer, publisher, distributor, manufacturer منشاة المعارف،
Date of production, publication, distribution, manufacture, or copyright notice [1997].
300 ## - PHYSICAL DESCRIPTION
Extent 2046 ؛ صفحة
Dimensions 24 سم.
Other physical details إيضاحيات، صور، مثيليات ؛
336 ## - CONTENT TYPE
Source rda content
Content type term text
337 ## - MEDIA TYPE
Source rda media
Media type term Computer
338 ## - CARRIER TYPE
Source rda carrier
Carrier type term Online Resource
504 ## - BIBLIOGRAPHY, ETC. NOTE
Bibliography, etc. note . 240-220 ببليوجرافيا: صفحات.
546 ## - LANGUAGE NOTE
Language note النص باللغة العربية
650 14 - SUBJECT ADDED ENTRY--TOPICAL TERM
Topical term or geographic name entry element قانون الإجراءات الجنائية
Source of heading or term qrmak
650 14 - SUBJECT ADDED ENTRY--TOPICAL TERM
Topical term or geographic name entry element القانون الجنائي
Source of heading or term qrmak
651 1# - SUBJECT ADDED ENTRY--GEOGRAPHIC NAME
Source of heading or term qrmak
856 40 - ELECTRONIC LOCATION AND ACCESS
Uniform Resource Identifier <a href="https://fll.law.cu.edu.eg/fulltext/bks/B10-08475.pdf">https://fll.law.cu.edu.eg/fulltext/bks/B10-08475.pdf</a>
905 ## - Cataloger and Reviser Names
Cataloger Name: Roqaia Ahmed
942 ## - ADDED ENTRY ELEMENTS (KOHA)
Source of classification or shelving scheme Dewey Decimal Classification
Koha item type Books
Edition 21
Suppress in OPAC No
Holdings
Withdrawn status Lost status Source of classification or shelving scheme Materials specified (bound volume or other part) Damaged status Not for loan Collection Home library Current library Date acquired Total checkouts Full call number Barcode Date last seen Copy number Price effective from Koha item type
    Dewey Decimal Classification V2   Not for loan القانون الجنائي جــــامعة القــاهرة مكتبة كلية الحقوق - المبنى الرئيسي 20.02.2026   Law1 10 343.3 ح س . م 1997 1008475 V2 , C1 B10-08475 20.02.2026 1 20.02.2026 Books
    Dewey Decimal Classification V2     القانون الجنائي جــــامعة القــاهرة مكتبة كلية الحقوق - المبنى الرئيسي 20.02.2026   Law1 10 343.3 ح س . م 1997 1008476 V2 , C2 B10-08476 20.02.2026 2 20.02.2026 Books
    Dewey Decimal Classification V2     القانون الجنائي جــــامعة القــاهرة مكتبة كلية الحقوق - فـرع الشيخ زايد 20.02.2026   Law2 10 343.3 ح س . م 1997 1008477 V2 , C3 B10-08477 20.02.2026 3 20.02.2026 Books

© All rights reserved — Faculty of Law, Cairo University